Plus grandes villes des pays - Chine - Statistiques

Statistiques générales
  • Ce quiz a été pris 463 fois
  • Le résultat moyen est 8 sur 15
Statistiques - réponses
Hint Réponse % Correct
21 516 000 Pekin
99%
24 256 800 Shanghai
98%
12 700 800 Guangzhou
82%
5 624 154 Xi'an
69%
10 120 000 Wuhan
67%
15 294 255 Chongqing
66%
10 357 938 Shenzhen
66%
11 090 314 Tianjin
60%
14 427 500 Chengdu
57%
6 852 984 Nanjing
50%
5 695 313 Hangzhou
41%
6 761 964 Shenyang
26%
5 391 028 Shantou
15%
8 220 937 Dongguan
12%
7 261 800 Foshan
9%
Aucun quiz correspondant
Distribution des résultats
% des personnes avec chaque résultat
Percentile par nombre de réponses
Votre historique - résultats
Vous n’avez pas pris ce quiz